000 00317nam a2200133Ia 4500
008 190216s9999||||xx |||||||||||||| ||und||
100 _aAntropov. L.I
245 0 _aTheoretical Electrochemistry
250 _a1st Ed.
260 _bMir Publishers
_c1972
300 _a567
650 _aChemistry-Chemistry
942 _cBK
999 _c2115
_d2115